The Cytoskeleton in normal and pathologic processes : (Record no. 52741)
[ view plain ]
| 000 -LEADER | |
|---|---|
| fixed length control field | 01138cam7a220031301 4500 |
| 001 - CONTROL NUMBER | |
| control field | lce01141578 |
| 008 - FIXED-LENGTH DATA ELEMENTS--GENERAL INFORMATION | |
| fixed length control field | 791015s1979 sz a b 001 0 eng |
| 010 ## - LIBRARY OF CONGRESS CONTROL NUMBER | |
| LC control number | 79317250 //r873 |
| 015 ## - NATIONAL BIBLIOGRAPHY NUMBER | |
| National bibliography number | Sw*** |
| 020 ## - INTERNATIONAL STANDARD BOOK NUMBER | |
| Terms of availability | 149.00F ( |
| Field link and sequence number | 9.25) |
| 035 ## - SYSTEM CONTROL NUMBER | |
| System control number | (Sirsi) r65078 |
| 035 ## - SYSTEM CONTROL NUMBER | |
| System control number | (DLC) 79317250 //r873 |
| 035 ## - SYSTEM CONTROL NUMBER | |
| System control number | (UPRA)lce01141578 |
| 040 ## - CATALOGING SOURCE | |
| Modifying agency | UPRA |
| 050 0# - LIBRARY OF CONGRESS CALL NUMBER | |
| Classification number | RB125 |
| Item number | .M47 vol. 9 |
| Classification number | RB25 |
| 082 ## - DEWEY DECIMAL CLASSIFICATION NUMBER | |
| Classification number | 611/.0181 |
| 245 04 - TITLE STATEMENT | |
| Title | The Cytoskeleton in normal and pathologic processes : |
| Remainder of title | cell physiopathology / |
| Statement of responsibility, etc. | volume editor, G. Gabbiani. |
| 260 ## - PUBLICATION, DISTRIBUTION, ETC. | |
| Place of publication, distribution, etc. | Basel ; New York : |
| -- | Basel ; New York : |
| Name of publisher, distributor, etc. | S. Karger, |
| Date of publication, distribution, etc. | 1979. |
| 490 1# - SERIES STATEMENT | |
| Series statement | Methods and achievements in experimental pathology ; |
| Volume/sequential designation | v. 9 |
| 504 ## - BIBLIOGRAPHY, ETC. NOTE | |
| Bibliography, etc. note | Includes bibliographical references and index. |
| 650 #0 - SUBJECT ADDED ENTRY--TOPICAL TERM | |
| Topical term or geographic name entry element | Pathology, Cellular. |
| Linkage | S18167.1 |
| 650 #0 - SUBJECT ADDED ENTRY--TOPICAL TERM | |
| Topical term or geographic name entry element | Cell physiology. |
| Linkage | S1971.1 |
| 650 #0 - SUBJECT ADDED ENTRY--TOPICAL TERM | |
| Topical term or geographic name entry element | Physiology, Pathological. |
| Linkage | S1229.1 |
| 650 #0 - SUBJECT ADDED ENTRY--TOPICAL TERM | |
| Topical term or geographic name entry element | Cytoskeleton. |
| Linkage | S18187.1 |
| 700 1# - ADDED ENTRY--PERSONAL NAME | |
| Personal name | Gabbiani, Giulio. |
| Linkage | A25047.1 |
| 830 #0 - SERIES ADDED ENTRY--UNIFORM TITLE | |
| Uniform title | Methods and achievements in experimental pathology ; |
| Volume/sequential designation | vol. 9. |
| Linkage | S4735.1 |
| 949 ## - LOCAL PROCESSING INFORMATION (OCLC) | |
| a | RB125 |
| w | LC |
| i | -86847 |
| m | MEDICAL |
| t | BOOK |
| l | ON-SHELF |
No items available.